Name Every Thrush - Statistics

General Stats
  • This quiz has been taken 3 times
  • The average score is 24 of 187
Answer Stats
Genus Species % Correct
American Robin
100%
Fieldfare
100%
Redwing
100%
Song Thrush
100%
Bicknell's Thrush
67%
Sialia Eastern Bluebird
67%
Eurasian Blackbird
67%
Grandala Grandala
67%
Hermit Thrush
67%
Indian Blackbird
67%
Mistle Thrush
67%
Mountain Bluebird
67%
Ring Ouzel
67%
Swainson's Thrush
67%
Myadestes Townsend's Solitaire
67%
Ixoreus Varied Thrush
67%
Veery
67%
Western Bluebird
67%
Hylocichla Wood Thrush
67%
Abyssinian Thrush
33%
African Thrush
33%
Austral Thrush
33%
Bassian Thrush
33%
Entomodestes Black Solitaire
33%
Pinarornis Boulder Chat
33%
Chestnut Thrush
33%
Turdus Chinese Thrush
33%
Clay-colored Thrush
33%
Dusky Thrush
33%
Ethiopian Thrush
33%
Eyebrowed Thrush
33%
Geomalia
33%
Gray-cheeked Thrush
33%
Gray-winged Blackbird
33%
Great Thrush
33%
Groundscraper Thrush
33%
Himalayan Thrush
33%
Kurrichane Thrush
33%
Mountain Thrush
33%
Orange-headed Thrush
33%
Cochoa Purple Cochoa
33%
Red-legged Thrush
33%
Rufous-backed Robin
33%
Rufous-collared Robin
33%
Scaly Thrush
33%
Geokickla Siberian Thrush
33%
Sooty Thrush
33%
White-eared Solitaire
33%
Abyssinian Ground-Thrush
0%
African Bare-eyed Thrush
0%
Alpine Thrush
0%
Amami Thrush
0%
Andean Slaty Thrush
0%
Andean Solitaire
0%
Ashy Thrush
0%
Ridgwayia Aztec Thrush
0%
Bismarck Island-Thrush
0%
Catharus Black-billed Nightingale-Thrush
0%
Black-billed Thrush
0%
Black-breasted Thrush
0%
Black-eared Ground-Thrush
0%
Black-faced Solitaire
0%
Black-headed Nightingale-Thrush
0%
Black-hooded Thrush
0%
Blacksmith Thrush
0%
Black-throated Thrush
0%
Black Thrush
0%
Bougainville Island-Thrush
0%
Bougainville Thrush
0%
Brown-backed Solitaire
0%
Brown-headed Thrush
0%
Buru Thrush
0%
Campina Thrush
0%
Chestnut-backed Thrush
0%
Chestnut-bellied Thrush
0%
Chestnut-capped Thrush
0%
Chiguanco Thrush
0%
Chinese Blackbird
0%
Christmas Island-Thrush
0%
Cocoa Thrush
0%
Comoro Thrush
0%
Creamy-bellied Thrush
0%
Crossley's Ground-Thrush
0%
Cuban Solitaire
0%
Dark-sided Thrush
0%
Ecuadorian Thrush
0%
Enggano Thrush
0%
Everett's Thrush
0%
Fawn-breasted Thrush
0%
Fiji Island-Thrush
0%
Finsch's Flycatcher-Thrush
0%
Forest Thrush
0%
Chlamydochaera Fruit-hunter
0%
Glossy-black Thrush
0%
Gray-backed Thrush
0%
Gray Ground-Thrush
0%
Gray-sided Thrush
0%
Green Cochoa
0%
Guadalcanal Thrush
0%
Hauxwell's Thrush
0%
Izu Thrush
0%
Japanese Thrush
0%
Javan Cocha
0%
Karoo Thrush
0%
La Selle Thrush
0%
Lawrence's Thrush
0%
Long-billed Thrush
0%
Zoothera Long-tailed Thrush
0%
Luzon Island-Thrush
0%
Makira Thrush
0%
Marañon Thrush
0%
Mindanao Island-Thrush
0%
Mindoro Island-Thrush
0%
Moluccan Island-Thrush
0%
Naumann's Thrush
0%
New Britain Thrush
0%
New Caledonian Island-Thrush
0%
Nilgiri Thrush
0%
Oberlander's Ground-Thrush
0%
Olive Thrush
0%
Olomao
0%
Omao
0%
Orange-banded Thrush
0%
Orange-billed Nightingale-Thrush
0%
Orange Ground-Thrush
0%
Pale-breasted Thrush
0%
Pale-eyed Thrush
0%
Pale Thrush
0%
Pale-vented Thrush
0%
Pantepui Thrush
0%
Papuan Island-Thrush
0%
Pied Thrush
0%
Plumbeous-backed Thrush
0%
Principe Thrush
0%
Puaiohi
0%
Red-and-black Thrush
0%
Neocossyphus Red-tailed Ant-Thrush
0%
Red-throated Thrush
0%
Ruddy-capped Nightingale-Thrush
0%
Rufous-bellied Thrush
0%
Cichlopsis Rufous-brown Solitaire
0%
Stizorhina Rufous Flycatcher-Thrush
0%
Rufous-throated Solitaire
0%
Russet Nightingale-Thrush
0%
Russet-tailed Thrush
0%
Rusty-backed Thrush
0%
Samoan Island-Thrush
0%
Sao Tome Thrush
0%
Seram Thrush
0%
Sichuan Thrush
0%
Slate-colored Solitaire
0%
Slaty-backed Nightingale-Thrush
0%
Slaty-backed Thrush
0%
Solomons Island-Thrush
0%
Somali Thrush
0%
Speckled Nightingale-Thrush
0%
Spectacled Thrush
0%
Spotted Ground-Thrush
0%
Spot-winged Thrush
0%
Sri Lanka Thrush
0%
Sulawesi Thrush
0%
Sumatran Cochoa
0%
Sundaic Island-Thrush
0%
Sunda Thrush
0%
Taita Thrush
0%
Taiwan Thrush
0%
Tibetan Blackbird
0%
Tickell's Thrush
0%
Tristan Thrush
0%
Unicolored Thrush
0%
Usambara Thrush
0%
Vanikoro Island-Thrush
0%
Varied Solitaire
0%
Varzea Thrush
0%
Wallacean Island-Thrush
0%
White-backed Thrush
0%
White-chinned Thrush
0%
White-collared Blackbird
0%
White-eyed Thrush
0%
White-headed Island-Thrush
0%
White-necked Thrush
0%
White's Thrush
0%
White-tailed Ant-Thrush
0%
White-throated Thrush
0%
Yellow-throated Nightingale-Thrush
0%
Yellow-throated Thrush
0%
Yemen Thrush
0%
No matching quizzes found
Score Distribution
Percent of People with Each Score
Percentile by Number Answered
Your Score History
You have not taken this quiz